Canciones de Queen - Estadísticas

Estadísticas generales
  • Esta prueba ha sido intentada 173 veces
  • La puntuación promedio es 7 de 15
Estadísticas de respuestas
Letra Cancione % Correcto
I'm gonna go, go, goThere's no stopping me I'm burning through the sky, yeah! Two hundred degrees That's why they call me Mister Fahrenheit I'm travelling at the speed of light I wanna make a supersonic man out of you Don't stop me now
98%
So you think you can stone me and spit in my eye?So you think you can love me and leave me to die? Oh, baby! Can't do this to me, baby! Just gotta get out Just gotta get right outta here! Bohemian Rhapsody
69%
I work hard (he works hard)Everyday of my life I work till I ache my bones Somebody to love
60%
Are you ready, hey, are you ready for this?Are you hanging on the edge of your seat? Another one bites the dust
59%
She keeps Moët et Chandon Killer Queen
57%
I've fallen in loveI've fallen in love for the first time And this time I know it's for real I've fallen in love, yeah God knows, God knows I've fallen in love I want to break free
56%
Another failed romanceOn and on Does anybody know what we are living for? The show must go on
47%
But it's been no bed of rosesNo pleasure cruise I consider it a challenge before the whole human race We are the champions
44%
Buddy, you're a young man, hard man We will rock you
39%
But if I crossed a million riversAnd I rode a million miles Then I'd still be where I started Bread and butter for a smile Keep yourself alive
30%
It's so hard to believeThis is happening to me An amazing feelin' comin' through I was born to love you
29%
You don't waste no time at allDon't hear the bell, but you answer the call It comes to you as to us all We're just waiting Hammer to fall
28%
If I could only reach youIf I could make you smile If I could only reach you Breakthru
21%
Hey, I was just a skinny ladNever knew no good from bad But I knew life before I left my nursery Fat bottomed girls
18%
Just look at all those hungry mouths we have to feedTake a look at all the suffering we breed So many lonely faces scattered all around Is this the world we created?
16%
No se encontraron pruebas coincidentes
Distribución de puntuación
Porcentaje de gente con cada puntuación
Porcentaje por número respondido
Historial de tus puntuaciones
No has intentado esta prueba.